000 00652nam a2200229Ia 4500
003 OSt
005 20220928121318.0
006 a|||||r|||| 00| 0
007 ta
008 220927b |||||||| |||| 00| 0 eng d
024 _a39676
037 _cTextual
040 _aSDCL
_cSDCL
_beng
041 _2eng
_aeng
082 _aR:(A), K9
100 _aBuchdahl Gerd
_9451682
245 0 _aMetaphysics and the philosophy of science
_b The classical origions descartes to Kant.
260 _aOxford
_bBasil Blackwell
_c1969
300 _axii,714p.
_ccm.
942 _hR:(A), K9
_cTEXL
_2CC
999 _c765715
_d765715